| 000 | 00421nam a22001457a 4500 | ||
|---|---|---|---|
| 005 | 20171010150823.0 | ||
| 008 | 171010b xxu||||| |||| 00| 0 eng d | ||
| 040 | _cPK-LaUMT | ||
| 082 |
_aPKAC 320.95491 _bSAR-M |
||
| 100 | _aSardar Muhammad Abdul Qayum | ||
| 245 |
_aMuzakirat say martial law tak/ _cSardar Muhammad Abdul Qayum |
||
| 260 |
_aلاہور: _bجنگ پبلشرز، _c1987 |
||
| 300 | _a152 ص | ||
| 942 | _cBK | ||
| 999 |
_c99052 _d99052 |
||